| 000 | 00514cam a2200145ua 4500 | ||
|---|---|---|---|
| 041 |
_aeng _h |
||
| 082 |
_a028.746645 _bBHA/TH |
||
| 100 | _aBhattacharya, S C. | ||
| 245 |
_a11th intrnational congress of essential oils,fragrances and flavours 12-16 november 1989 Newdelhi,India : proceedings vol-2 keynote presentations / _cS C Bhattacharya. _hTextual Documents |
||
| 260 |
_aNew Delhi : _bOxford & IBH Publishing company , _c1989. |
||
| 300 | _a77 ; . | ||
| 504 | _a | ||
| 942 | _cBK | ||
| 999 |
_c10689 _d10689 |
||